[Event "Cidreira op"]
[Site "Cidreira"]
[Date "2025.05.03"]
[Round "5"]
[White "Borgmann, Alexandre"]
[Black "Cardoso, Arthur da Rosa"]
[Result "1-0"]
[WhiteElo "1702"]
[BlackElo "1800"]
[PlyCount "77"]
[EventDate "2025.05.01"]
[EventType "swiss"]
[EventRounds "7"]
[EventCountry "BRA"]
[SourceTitle "CB19_2025"]
[SourceDate "2025.05.07"]
[SourceVersion "1"]
[SourceVersionDate "2025.05.07"]
[SourceQuality "1"]

1. e4 c6 2. b3 d5 3. exd5 cxd5 4. Nf3 Nf6 5. Bb2 Nc6 6. Be2 Bg4 7. h3 Bxf3 8. Bxf3 e5 9. 0-0 Bd6 10. d3 0-0 11. Nc3 Bc7 12. Re1 Re8 13. a4 a6 14. Ne2 Rc8 15. Ng3 Bb6 16. c3 Qc7 17. Qd2 e4 18. Nf5 Ne7 19. Nxe7+ Rxe7 20. Bg4 Nxg4 21. hxg4 e3 22. fxe3 Qg3 23. d4 Bc7 24. Rf1 Rxe3 25. Rfe1 Rxe1+ 26. Rxe1 Qh2+ 27. Kf1 Bg3 28. Re7 Qh1+ 29. Ke2 Qxg2+ 30. Kd1 Qf1+ 31. Kc2 g6 32. Bc1 b5 33. axb5 axb5 34. Qe3 b4 35. Re8+ Rxe8 36. Qxe8+ Kg7 37. cxb4 Qf2+ 38. Bd2 Qxd4 39. Bc3 1-0

[Event "Cidreira op"]
[Site "Cidreira"]
[Date "2025.05.01"]
[Round "2"]
[White "Da Silva, Caio Pereira"]
[Black "Borgmann, Alexandre"]
[Result "1/2-1/2"]
[WhiteElo "1800"]
[BlackElo "1702"]
[PlyCount "126"]
[EventDate "2025.05.01"]
[EventType "swiss"]
[EventRounds "7"]
[EventCountry "BRA"]
[SourceTitle "CB19_2025"]
[SourceDate "2025.05.07"]
[SourceVersion "1"]
[SourceVersionDate "2025.05.07"]
[SourceQuality "1"]

1. e4 c5 2. Nf3 Nc6 3. d4 cxd4 4. Nxd4 e5 5. Nb3 Nf6 6. Nc3 a6 7. Bg5 h6 8. Bh4 Be7 9. Bg3 d6 10. Qd2 0-0 11. Be2 Be6 12. f3 d5 13. exd5 Nxd5 14. Nxd5 Qxd5 15. Qxd5 Bxd5 16. 0-0-0 Be6 17. Bf2 Rfc8 18. Bb6 Nb4 19. Bd3 Rc6 20. Be3 Nxa2+ 21. Kb1 Nb4 22. Be4 Bxb3 23. cxb3 Rd6 24. Rxd6 Bxd6 25. Bxb7 Rb8 26. Be4 Kf8 27. Rd1 Ke7 28. Ba7 Rc8 29. Bf5 Rc7 30. Bb8 Rc6 31. Be4 Bxb8 32. Bxc6 Nxc6 33. Kc2 Bd6 34. Kc3 a5 35. Kc4 Nd4 36. Ra1 Bb4 37. Kd5 Nxb3 38. Rd1 f6 39. Rd3 Nd4 40. f4 Ne2 41. g3 g5 42. fxe5 f5 43. Rf3 f4 44. gxf4 Nxf4+ 45. Ke4 Ke6 46. h4 Be1 47. hxg5 hxg5 48. Rf1 Bb4 49. Rg1 Nh3 50. Rg3 Nf2+ 51. Kf3 Nd3 52. Rxg5 Nxe5+ 53. Ke4 Nc4 54. b3 Nd2+ 55. Kd3 Nxb3 56. Kc4 Nd2+ 57. Kb5 Ne4 58. Rg4 Kd5 59. Rg8 Nc3+ 60. Kb6 Kc4 61. Ra8 a4 62. Rxa4 Nxa4+ 63. Kc6 Nc3 1/2-1/2

[Event "Pan American-ch U2000"]
[Site "Balneario Camboriu"]
[Date "2024.09.26"]
[Round "4"]
[White "Caro Estrada, Esveny"]
[Black "Borgmann, Alexandre"]
[Result "0-1"]
[WhiteElo "1828"]
[BlackElo "1706"]
[PlyCount "20"]
[EventDate "2024.09.24"]
[EventType "swiss"]
[EventRounds "9"]
[EventCountry "BRA"]
[SourceTitle "EXT 2025"]
[Source "ChessBase"]
[SourceDate "2024.10.14"]
[SourceVersion "1"]
[SourceVersionDate "2024.10.14"]
[SourceQuality "1"]

1. d4 c5 2. d5 Nf6 3. e4 d6 4. Nc3 g6 5. h3 Bg7 6. f4 Nbd7 7. Nf3 Qc7 8. Be2 a6 9. a4 b6 10. 0-0 Bb7 0-1

[Event "Joao Pessoa Cup 2nd"]
[Site "Joao Pessoa"]
[Date "2024.08.21"]
[Round "5"]
[White "Borba da Rosa, Rodrigo"]
[Black "Borgmann, Alexandre"]
[Result "0-1"]
[WhiteElo "1579"]
[BlackElo "1710"]
[PlyCount "94"]
[EventDate "2024.07.24"]
[EventType "swiss"]
[EventRounds "7"]
[EventCountry "BRA"]
[SourceTitle "EXT 2025"]
[Source "ChessBase"]
[SourceDate "2024.10.14"]
[SourceVersion "1"]
[SourceVersionDate "2024.10.14"]
[SourceQuality "1"]

1. e4 c5 2. Nf3 Nc6 3. d4 cxd4 4. Nxd4 e6 5. c4 Bc5 6. Nb3 Bb4+ 7. Nc3 Nge7 8. a3 Bxc3+ 9. bxc3 0-0 10. c5 b6 11. cxb6 axb6 12. Nd4 d5 13. Nxc6 Nxc6 14. exd5 exd5 15. Be3 Re8 16. Be2 Ba6 17. Bxa6 Rxa6 18. 0-0 Na5 19. Bd4 Nc6 20. Be3 Ne5 21. Qb3 Nc4 22. Qb5 Ra5 23. Qb4 Nxe3 24. fxe3 Rxe3 25. Rab1 h6 26. Qf4 Re7 27. Rbe1 Rxa3 28. Rxe7 Qxe7 29. Qb8+ Kh7 30. Qxb6 Rxc3 31. Qb1+ g6 32. Qd1 Qe6 33. Qd4 Rc4 34. Qa7 Kg7 35. Qa1+ d4 36. Re1 Qf6 37. Rf1 Qd6 38. Rd1 Kh7 39. Qa7 Qe6 40. h4 Qe3+ 41. Kh1 Qf2 42. Qe7 Rc2 43. Qe4 Re2 44. Qf3 Qxh4+ 45. Kg1 Re1+ 46. Rxe1 Qxe1+ 47. Kh2 Kg7 0-1

[Event "Florianopolis Winter op 8th"]
[Site "Florianopolis"]
[Date "2024.07.12"]
[Round "5"]
[White "Luiz, Caio Cesar Malassis"]
[Black "Borgmann, Alexandre"]
[Result "1-0"]
[WhiteElo "1879"]
[BlackElo "1710"]
[PlyCount "89"]
[EventDate "2024.07.09"]
[EventType "swiss"]
[EventRounds "9"]
[EventCountry "BRA"]
[SourceTitle "CBM 221 Extra"]
[Source "ChessBase"]
[SourceDate "2024.09.30"]
[SourceVersion "1"]
[SourceVersionDate "2024.09.30"]
[SourceQuality "1"]

1. e4 c5 2. b3 Nc6 3. Bb2 e6 4. f4 d5 5. exd5 exd5 6. Bb5 a6 7. Bxc6+ bxc6 8. d3 Nf6 9. Nd2 Bg4 10. Ngf3 Bd6 11. h3 Qe7+ 12. Kf2 Bxf3 13. Qxf3 0-0 14. Rhe1 Qc7 15. g3 d4 16. Ne4 Nd5 17. Re2 h5 18. Rae1 Be7 19. Bc1 f5 20. Nd2 Bf6 21. Nc4 Qd7 22. Ne5 Bxe5 23. Rxe5 Rae8 24. Bd2 Rxe5 25. Rxe5 Re8 26. Qe2 Rxe5 27. Qxe5 Kh7 28. Kf3 g6 29. Ke2 Qe7 30. Qxe7+ Nxe7 31. b4 cxb4 32. Bxb4 Nd5 33. Bc5 Nc3+ 34. Kd2 Nxa2 35. Bxd4 Nb4 36. Kc3 a5 37. Bc5 Nd5+ 38. Kd4 Kg7 39. Ke5 Nb4 40. Bxb4 axb4 41. Kd6 g5 42. Kxc6 gxf4 43. gxf4 Kf7 44. d4 Ke8 45. Kc7 1-0

[Event "Florianopolis Winter op 8th"]
[Site "Florianopolis"]
[Date "2024.07.10"]
[Round "3"]
[White "Hataby, Raed"]
[Black "Borgmann, Alexandre"]
[Result "1-0"]
[WhiteElo "1903"]
[BlackElo "1710"]
[PlyCount "21"]
[EventDate "2024.07.09"]
[EventType "swiss"]
[EventRounds "9"]
[EventCountry "BRA"]
[SourceTitle "CBM 221 Extra"]
[Source "ChessBase"]
[SourceDate "2024.09.30"]
[SourceVersion "1"]
[SourceVersionDate "2024.09.30"]
[SourceQuality "1"]

1. e4 e5 2. Bc4 Bc5 3. Nf3 d6 4. h3 Nf6 5. d3 h6 6. Nc3 a6 7. Be3 Bxe3 8. fxe3 c6 9. Bb3 Qe7 10. Qe2 Be6 11. g4 1-0

[Event "Florianopolis op"]
[Site "Florianopolis"]
[Date "2024.05.18"]
[Round "3"]
[White "Borgmann, Alexandre"]
[Black "Moreira, Mario Wedney De Lim"]
[Result "1-0"]
[WhiteElo "1681"]
[BlackElo "1645"]
[PlyCount "71"]
[EventDate "2024.05.16"]
[EventType "swiss"]
[EventRounds "6"]
[EventCountry "BRA"]
[SourceTitle "EXT 2025"]
[Source "ChessBase"]
[SourceDate "2024.10.14"]
[SourceVersion "1"]
[SourceVersionDate "2024.10.14"]
[SourceQuality "1"]

1. e4 c5 2. Nf3 d6 3. d4 cxd4 4. c3 dxc3 5. Nxc3 Nf6 6. Bc4 e6 7. 0-0 Be7 8. Be3 0-0 9. h3 Nc6 10. Rc1 Bd7 11. a3 a6 12. Qe2 Rc8 13. Rfd1 b5 14. Ba2 Na5 15. e5 Ne8 16. exd6 Nxd6 17. Bf4 Nab7 18. Ne5 Be8 19. Qf3 Qb6 20. Be3 Qd8 21. Qg3 Bh4 22. Qg4 Qf6 23. Nf3 Nf5 24. Nxh4 Qxh4 25. Bb1 Qxg4 26. hxg4 Nxe3 27. fxe3 Nc5 28. Ne4 Nxe4 29. Rxc8 f5 30. gxf5 exf5 31. Rdd8 Kf7 32. Rc7+ Kg6 33. g4 Ng3 34. Re7 Rf6 35. Rdxe8 Rc6 36. Re6+ 1-0

[Event "Florianopolis op"]
[Site "Florianopolis"]
[Date "2024.05.16"]
[Round "1"]
[White "Borgmann, Alexandre"]
[Black "Pereira, Juliano Resende M"]
[Result "0-1"]
[WhiteElo "1681"]
[BlackElo "2204"]
[PlyCount "39"]
[EventDate "2024.05.16"]
[EventType "swiss"]
[EventRounds "6"]
[EventCountry "BRA"]
[SourceTitle "EXT 2025"]
[Source "ChessBase"]
[SourceDate "2024.10.14"]
[SourceVersion "1"]
[SourceVersionDate "2024.10.14"]
[SourceQuality "1"]

1. b3 Nf6 2. Bb2 e6 3. e3 c5 4. Nf3 b6 5. c4 Bb7 6. Nc3 a6 7. Be2 Be7 8. Qc2 Nc6 9. a3 d5 10. d4 cxd4 11. exd4 dxc4 12. bxc4 0-0 13. d5 exd5 14. cxd5 Na5 15. Nd4 Nxd5 16. Nf5 f6 17. h4 Rc8 18. Qd3 Nc4 19. Qb1 Nxc3 20. Bxc3 0-1